Studies on the effect of partially ultra-violet blocking films on the plant growth, pigmentation and insect and disease controls of some horticultural crops / (Record no. 13485)
[ view plain ]
| 000 -LEADER | |
|---|---|
| fixed length control field | 00732nam a22002057a 4500 |
| 003 - CONTROL NUMBER IDENTIFIER | |
| control field | BD-DhSAU |
| 005 - DATE AND TIME OF LATEST TRANSACTION | |
| control field | 20250629171558.0 |
| 008 - FIXED-LENGTH DATA ELEMENTS--GENERAL INFORMATION | |
| fixed length control field | 160728b2016 bg ||||| |||| 001 0 eng d |
| 040 ## - CATALOGING SOURCE | |
| Original cataloging agency | BD-DhSAU |
| 082 ## - DEWEY DECIMAL CLASSIFICATION NUMBER | |
| Edition number | 22 |
| Classification number | 635 |
| Item number | S041 |
| 100 ## - MAIN ENTRY--PERSONAL NAME | |
| Personal name | Solaiman, Abul Hasnat Muhammad |
| 245 ## - TITLE STATEMENT | |
| Title | Studies on the effect of partially ultra-violet blocking films on the plant growth, pigmentation and insect and disease controls of some horticultural crops / |
| Remainder of title | Phd Thesis |
| 260 ## - PUBLICATION, DISTRIBUTION, ETC. (IMPRINT) | |
| Place of publication, distribution, etc. | Yamagata University |
| Name of publisher, distributor, etc. | Yamagata University |
| Date of publication, distribution, etc. | 2016 |
| 300 ## - PHYSICAL DESCRIPTION | |
| Extent | iii, 146 p. : |
| Other physical details | ill. ; |
| Dimensions | 30 cm. |
| 500 ## - GENERAL NOTE | |
| General note | Ph.D thesis of University of Yamagata University |
| 650 ## - SUBJECT ADDED ENTRY--TOPICAL TERM | |
| Topical term or geographic name as entry element | Studies |
| 650 ## - SUBJECT ADDED ENTRY--TOPICAL TERM | |
| Topical term or geographic name as entry element | Ultra-violet |
| 650 ## - SUBJECT ADDED ENTRY--TOPICAL TERM | |
| Topical term or geographic name as entry element | Disease |
| 942 ## - ADDED ENTRY ELEMENTS (KOHA) | |
| Source of classification or shelving scheme | Dewey Decimal Classification |
| Koha item type | PhD Thesis |
| Withdrawn status | Lost status | Source of classification or shelving scheme | Damaged status | Not for loan | Collection code | Home library | Branch Name | Shelving location | Date acquired | Total Checkouts | Full call number | Barcode | Date last seen | Price effective from | Koha item type |
|---|---|---|---|---|---|---|---|---|---|---|---|---|---|---|---|
| Dewey Decimal Classification | Not For Loan | Reference | SAU Library | SAU Library | Reference | 11/04/2016 | 635 S041 | 39546 | 28/07/2016 | 28/07/2016 | MS Level Thesis |
